<?xml version="1.0" encoding="UTF-8"?>
<record
    xmlns:xsi="http://www.w3.org/2001/XMLSchema-instance"
    xsi:schemaLocation="http://www.loc.gov/MARC21/slim http://www.loc.gov/standards/marcxml/schema/MARC21slim.xsd"
    xmlns="http://www.loc.gov/MARC21/slim">

  <leader>02146nam0a2200385   4500</leader>
  <controlfield tag="001">RU\NLR\bibl\1345594</controlfield>
  <controlfield tag="005">20250615172146.0</controlfield>
  <datafield tag="010" ind1=" " ind2=" ">
    <subfield code="a">5-98322-396-8</subfield>
    <subfield code="9">2000</subfield>
  </datafield>
  <datafield tag="021" ind1=" " ind2=" ">
    <subfield code="a">RU</subfield>
    <subfield code="b">2009-2820</subfield>
    <subfield code="9">152</subfield>
  </datafield>
  <datafield tag="035" ind1=" " ind2=" ">
    <subfield code="a">(nilc)RSL-KNO-004236763</subfield>
  </datafield>
  <datafield tag="035" ind1=" " ind2=" ">
    <subfield code="a">(NLR Aleph) 001330724</subfield>
  </datafield>
  <datafield tag="090" ind1=" " ind2=" ">
    <subfield code="a">798615</subfield>
    <subfield code="c">798615</subfield>
  </datafield>
  <datafield tag="100" ind1=" " ind2=" ">
    <subfield code="a">20090225d2008    |||y0rusy50      ca</subfield>
  </datafield>
  <datafield tag="101" ind1="1" ind2=" ">
    <subfield code="a">rus</subfield>
    <subfield code="c">ger</subfield>
  </datafield>
  <datafield tag="102" ind1=" " ind2=" ">
    <subfield code="a">RU</subfield>
  </datafield>
  <datafield tag="105" ind1=" " ind2=" ">
    <subfield code="a">a   |||||||||</subfield>
  </datafield>
  <datafield tag="200" ind1="1" ind2=" ">
    <subfield code="a">&#x423;&#x43A;&#x43B;&#x430;&#x434;&#x43A;&#x438; &#x438; &#x440;&#x435;&#x436;&#x438;&#x43C;&#x44B; &#x43F;&#x440;&#x438; &#x43C;&#x430;&#x433;&#x43D;&#x438;&#x442;&#x43D;&#x43E;-&#x440;&#x435;&#x437;&#x43E;&#x43D;&#x430;&#x43D;&#x441;&#x43D;&#x43E;&#x439; &#x442;&#x43E;&#x43C;&#x43E;&#x433;&#x440;&#x430;&#x444;&#x438;&#x438;</subfield>
    <subfield code="f">&#x422;&#x43E;&#x440;&#x441;&#x442;&#x435;&#x43D; &#x411;. &#x41C;&#x435;&#x43B;&#x43B;&#x435;&#x440;, &#x42D;&#x43C;&#x438;&#x43B;&#x44C; &#x420;&#x430;&#x439;&#x444;</subfield>
    <subfield code="g">&#x43F;&#x435;&#x440;. &#x441; &#x43D;&#x435;&#x43C;. [&#x428;. &#x428;. &#x428;&#x43E;&#x442;&#x435;&#x43C;&#x43E;&#x440;]</subfield>
    <subfield code="g">&#x43F;&#x43E;&#x434; &#x43E;&#x431;&#x449;. &#x440;&#x435;&#x434;. &#x428;. &#x428;. &#x428;&#x43E;&#x442;&#x435;&#x43C;&#x43E;&#x440;&#x430;</subfield>
  </datafield>
  <datafield tag="210" ind1=" " ind2=" ">
    <subfield code="a">&#x41C;&#x43E;&#x441;&#x43A;&#x432;&#x430;</subfield>
    <subfield code="c">&#x41C;&#x415;&#x414;&#x43F;&#x440;&#x435;&#x441;&#x441;-&#x438;&#x43D;&#x444;&#x43E;&#x440;&#x43C;</subfield>
    <subfield code="d">2008</subfield>
  </datafield>
  <datafield tag="215" ind1=" " ind2=" ">
    <subfield code="a">231 &#x441;.</subfield>
    <subfield code="c">&#x438;&#x43B;.</subfield>
    <subfield code="d">22</subfield>
  </datafield>
  <datafield tag="300" ind1=" " ind2=" ">
    <subfield code="a">&#x417;&#x430;&#x433;&#x43B;. &#x438; &#x430;&#x432;&#x442;. &#x43E;&#x440;&#x438;&#x433;.: MRT-Einstelltechnik/T.B. M&#xF6;ller, E. Reif</subfield>
  </datafield>
  <datafield tag="454" ind1=" " ind2="0">
    <subfield code="1">2001#$aMRT-Einstelltechnik$fT.B. Moller, E. Reif</subfield>
    <subfield code="1">700#1$aM&#xF6;ller$bT. B.$gTorsten B.$c&#x434;-&#x440; &#x43C;&#x435;&#x434;&#x438;&#x446;&#x438;&#x43D;&#x44B;$3RU\NLR\AUTH\770157134$4070</subfield>
    <subfield code="1">701#1$aReif$bE.$gEmil$3RU\NLR\AUTH\770176353$4070</subfield>
    <subfield code="t">MRT-Einstelltechnik</subfield>
    <subfield code="a">M&#xF6;ller, Torsten B. (&#x434;-&#x440; &#x43C;&#x435;&#x434;&#x438;&#x446;&#x438;&#x43D;&#x44B;)</subfield>
  </datafield>
  <datafield tag="606" ind1="1" ind2=" ">
    <subfield code="a">&#x41C;&#x430;&#x433;&#x43D;&#x438;&#x442;&#x43D;&#x43E;-&#x440;&#x435;&#x437;&#x43E;&#x43D;&#x430;&#x43D;&#x441;&#x43D;&#x430;&#x44F; &#x442;&#x43E;&#x43C;&#x43E;&#x433;&#x440;&#x430;&#x444;&#x438;&#x44F;</subfield>
    <subfield code="j">&#x420;&#x443;&#x43A;&#x43E;&#x432;&#x43E;&#x434;&#x441;&#x442;&#x432;&#x430;, &#x43F;&#x43E;&#x441;&#x43E;&#x431;&#x438;&#x44F; &#x438; &#x442;.&#x43F;.</subfield>
    <subfield code="x">&#x41C;&#x435;&#x442;&#x43E;&#x434;&#x438;&#x43A;&#x430; &#x438; &#x442;&#x435;&#x445;&#x43D;&#x438;&#x43A;&#x430;</subfield>
    <subfield code="9">2570898</subfield>
    <subfield code="3">RU\NLR\auth\661520295</subfield>
  </datafield>
  <datafield tag="610" ind1="0" ind2=" ">
    <subfield code="a">&#x417;&#x434;&#x440;&#x430;&#x432;&#x43E;&#x43E;&#x445;&#x440;&#x430;&#x43D;&#x435;&#x43D;&#x438;&#x435;. &#x41C;&#x435;&#x434;&#x438;&#x446;&#x438;&#x43D;&#x441;&#x43A;&#x438;&#x435; &#x43D;&#x430;&#x443;&#x43A;&#x438; -- &#x41C;&#x435;&#x434;&#x438;&#x446;&#x438;&#x43D;&#x441;&#x43A;&#x430;&#x44F; &#x440;&#x430;&#x434;&#x438;&#x43E;&#x43B;&#x43E;&#x433;&#x438;&#x44F; &#x438; &#x440;&#x435;&#x43D;&#x442;&#x433;&#x435;&#x43D;&#x43E;&#x43B;&#x43E;&#x433;&#x438;&#x44F; -- &#x41B;&#x443;&#x447;&#x435;&#x432;&#x430;&#x44F; &#x434;&#x438;&#x430;&#x433;&#x43D;&#x43E;&#x441;&#x442;&#x438;&#x43A;&#x430; -- &#x420;&#x435;&#x43D;&#x442;&#x433;&#x435;&#x43D;&#x43E;&#x434;&#x438;&#x430;&#x433;&#x43D;&#x43E;&#x441;&#x442;&#x438;&#x43A;&#x430; -- &#x422;&#x43E;&#x43C;&#x43E;&#x433;&#x440;&#x430;&#x444;&#x438;&#x44F; -- &#x41F;&#x43E;&#x441;&#x43E;&#x431;&#x438;&#x435; &#x434;&#x43B;&#x44F; &#x441;&#x43F;&#x435;&#x446;&#x438;&#x430;&#x43B;&#x438;&#x441;&#x442;&#x43E;&#x432;</subfield>
  </datafield>
  <datafield tag="686" ind1=" " ind2=" ">
    <subfield code="a">&#x420;364.155,07</subfield>
    <subfield code="2">rubbk</subfield>
  </datafield>
  <datafield tag="686" ind1=" " ind2=" ">
    <subfield code="a">&#x420;343.39&#x441;.&#x44F;7</subfield>
  </datafield>
  <datafield tag="700" ind1=" " ind2="1">
    <subfield code="4">070</subfield>
    <subfield code="7">ca</subfield>
    <subfield code="8">rus</subfield>
    <subfield code="a">&#x41C;&#x451;&#x43B;&#x43B;&#x435;&#x440;</subfield>
    <subfield code="b">&#x422;. &#x411;.</subfield>
    <subfield code="c">&#x434;-&#x440; &#x43C;&#x435;&#x434;&#x438;&#x446;&#x438;&#x43D;&#x44B;</subfield>
    <subfield code="g">&#x422;&#x43E;&#x440;&#x441;&#x442;&#x435;&#x43D; &#x411;.</subfield>
    <subfield code="9">157092</subfield>
    <subfield code="3">RU\NLR\AUTH\770157132</subfield>
  </datafield>
  <datafield tag="701" ind1=" " ind2="1">
    <subfield code="4">070</subfield>
    <subfield code="7">ca</subfield>
    <subfield code="8">rus</subfield>
    <subfield code="a">&#x420;&#x430;&#x439;&#x444;</subfield>
    <subfield code="b">&#x42D;.</subfield>
    <subfield code="g">&#x42D;&#x43C;&#x438;&#x43B;&#x44C;</subfield>
    <subfield code="9">176301</subfield>
    <subfield code="3">RU\NLR\AUTH\770176352</subfield>
  </datafield>
  <datafield tag="801" ind1=" " ind2="0">
    <subfield code="a">RU</subfield>
    <subfield code="b">&#x420;&#x41A;&#x41F;</subfield>
    <subfield code="c">20090225</subfield>
    <subfield code="g">rcr</subfield>
  </datafield>
  <datafield tag="801" ind1=" " ind2="1">
    <subfield code="a">RU</subfield>
    <subfield code="b">&#x420;&#x413;&#x411;</subfield>
    <subfield code="c">20090225</subfield>
  </datafield>
  <datafield tag="801" ind1=" " ind2="2">
    <subfield code="a">RU</subfield>
    <subfield code="b">NLR</subfield>
    <subfield code="c">20090325</subfield>
    <subfield code="g">rcr</subfield>
  </datafield>
  <datafield tag="830" ind1=" " ind2=" ">
    <subfield code="a">&#x43F;&#x43E; &#x43A;&#x43D;</subfield>
  </datafield>
  <datafield tag="942" ind1=" " ind2=" ">
    <subfield code="c">BOOK</subfield>
  </datafield>
  <datafield tag="980" ind1=" " ind2=" ">
    <subfield code="a">NB</subfield>
  </datafield>
  <datafield tag="995" ind1=" " ind2=" ">
    <subfield code="5">2009-03-25</subfield>
    <subfield code="a">ad</subfield>
    <subfield code="b">NLR01</subfield>
    <subfield code="c">NLR01</subfield>
    <subfield code="e">RF9</subfield>
    <subfield code="f">1-799944</subfield>
    <subfield code="k">2009-5/2639</subfield>
    <subfield code="o">0</subfield>
    <subfield code="r">BOOK</subfield>
    <subfield code="s">200952639_</subfield>
  </datafield>
  <datafield tag="995" ind1=" " ind2=" ">
    <subfield code="5">2009-03-25</subfield>
    <subfield code="a">ad</subfield>
    <subfield code="b">NLR01</subfield>
    <subfield code="c">NLR01</subfield>
    <subfield code="e">RF9</subfield>
    <subfield code="f">2880324</subfield>
    <subfield code="k">2009-5/2639</subfield>
    <subfield code="o">0</subfield>
    <subfield code="r">BOOK</subfield>
    <subfield code="s">200952639_</subfield>
  </datafield>
</record>
